Word Scramble - South American cities - Statistics

General Stats
  • This quiz has been taken 26 times
  • The average score is 17 of 20
Answer Stats
Country City % Correct
Perú Arequipa
100%
Paraguay Asunción
100%
Colombia Barranquilla
100%
Brazil Belém
100%
Colombia Bogotá
100%
Argentina Buenos Aires
100%
Venezuela Caracas
100%
Argentina Córdoba
100%
Brazil Fortaleza
100%
Ecuador Guayaquil
100%
Bolivia La Paz
100%
Perú Lima
100%
Argentina Mendoza
100%
Uruguay Montevideo
100%
Ecuador Quito
100%
Brazil Recife
100%
Argentina Rosario
100%
Brazil Salvador
100%
Brazil São Paulo
100%
Bolivia Sucre
100%
Chile Valparaíso
100%
Brazil Curitiba
80%
Venezuela Maracaibo
75%
Brazil Rio de Janeiro
75%
Chile Santiago
75%
Argentina La Plata
67%
Brazil Manaus
67%
Argentina Mar del Plata
60%
Bolivia Santa Cruz
60%
Brazil Brasília
50%
Chile Viña del Mar
50%
Perú Callao
40%
Argentina Bariloche
33%
Brazil Porto Alegre
33%
No matching quizzes found
Score Distribution
Percent of People with Each Score
Percentile by Number Answered
Your Score History
You have not taken this quiz